Мемоари (Запис номер 63762)
[ съкратено ]
| 000 -Лидер | |
|---|---|
| Контролно поле с фиксирана дължина | 02633nam a2200445 c 4500 |
| 003 - Код на организацията, давaща контролен номер | |
| Контролно поле | BLK |
| 005 - Дата и час на последна редакция | |
| Контролно поле | 20240820142250.0 |
| 008 - Елементи от данни с фиксирана дължина | |
| fixed length control field | 180408b bul|||||r ||||||| ||bul|| |
| 010 ## - Наследен системен номер | |
| LC control number | KNG00068021000 |
| 020 ## - Международен стандартен номер на книга ISBN | |
| Международен стандартен номер на книга ISBN | 954-608-133-7 |
| 040 ## - Източник на каталожния запис | |
| Идентификатор на билиотеката - собственик на записа | BLK |
| 041 ## - Код за език | |
| Код за езика на текст/звукозапис или на отделно заглавие | Български |
| Код за езика КДБФ | Български |
| 080 ## - УДК | |
| Текстов определител УДК | Политически партии и движения |
| УДК код - определител по УДК | 329 |
| УДК определител | (497.2)БКП(091)(092)(093.3) |
| УДК - код + определител | 329(497.2)БКП(091)(092)(093.3) |
| 080 ## - УДК | |
| Текстов определител УДК | Политика. Вж и 341 ; 342 |
| УДК код - определител по УДК | 32 |
| УДК определител | (497.2)((093.3) |
| УДК - код + определител | 32(497.2)(093.3) |
| 080 ## - УДК | |
| Текстов определител УДК | Български държавник, политик, деец на БКП |
| УДК код - определител по УДК | 929 Живков, Тодор Христов |
| УДК - код + определител | 929 Живков, Тодор Христов |
| 100 ## - Редна дума - Автор | |
| Автор | Живков, Тодор Христов |
| Дати, свързани с автора | 1911 - 1998 |
| Автор - информация (биография) | Български политик, БКП. Първи секретар и генерален секретар на ЦК на БКП, председател на Министерския съвет и председател на Държавния съвет на НРБ |
| R(LIN) | 365041 |
| 139 ## - Редно поле | |
| Редна дума | Живков, Тодор Христов |
| Авторски знак | Живк - Ж 48 |
| 245 10 - Сведения за заглавието | |
| Заглавие | Мемоари |
| Редно поле (дума) | Тодор Христов Живков. |
| 250 ## - Област на изданието | |
| Сведения за изданието | 2. доп. изд. |
| 257 ## - Страна на издаване | |
| Страна на създаване/издаване | България |
| 260 ## - Област на издателските данни | |
| Име на издателя, разпространителя и проч. | Труд и право |
| -- | МТ-студио |
| Година на издаване | 2006 |
| Печатница | София : Д. Благоев |
| 300 ## - Физическа характеристика | |
| Страници | 704 |
| Илюстрации и др. | със сн. |
| Размери/Мащаб | 24 см |
| 380 ## - Жанр | |
| Жанр | Обществени науки |
| 500 ## - Общи забележки | |
| Забележка | 1. изд. 1997 на изд. Абагар - В. Търново. - Съдържа и Тодор Живков след написване на мемоарите ; Накратко за мемоарите на Тодор Живков / Христо Н. Малеев. - Екологичната обстановка в Русе, с. 364-366; 439. |
| 600 #0 - Име на лице, използвано като предмет | |
| За него / За нея | Живков, Тодор Христов |
| Свързани дати | 1911 - 1998 |
| Друга информация | Български политик, БКП. Първи секретар и генерален секретар на ЦК на БКП, председател на Министерския съвет и председател на Държавния съвет на НРБ |
| 9 (RLIN) | 365041 |
| 650 #4 - Допълнително описание по предмет – тема | |
| Основно описание – тема или топоним | БКП - дейци - спомени |
| 9 (RLIN) | 241772 |
| 650 #4 - Допълнително описание по предмет – тема | |
| Основно описание – тема или топоним | Политика - дейци |
| 9 (RLIN) | 285040 |
| 650 #4 - Допълнително описание по предмет – тема | |
| Основно описание – тема или топоним | България - политика - спомени |
| 9 (RLIN) | 249389 |
| 653 ## - Ключова дума – ненормативна | |
| Ключова дума | мемоари |
| 653 ## - Ключова дума – ненормативна | |
| Ключова дума | български политици |
| 653 ## - Ключова дума – ненормативна | |
| Ключова дума | Тодор Живков |
| 852 ## - Местоположение | |
| Форматна сигнатура | Цб 229124 |
| 856 4# - Електронен адрес и достъп | |
| Електронен формат | pdf - файл |
| 856 4# - Електронен адрес и достъп | |
| Електронен формат | pdf - файл |
| 942 ## - АРТИКУЛИ | |
| Вид на библиотечния материал | Книги |
| Скрит в OPAC | Не |
| Koha issues (borrowed), all copies | 13 |
| 944 ## - СЪЗДАВАНЕ И РЕДАКЦИЯ на ЗАПИСА | |
| Създаване/Редакция | Създаване |
| Дата на регистрацията/редакция | 19.09.2006 |
| Служител, извършил регистрацията/редакцията | 30564 |
| Статус, дата на статуса | Галина Якимова |
| 944 ## - СЪЗДАВАНЕ И РЕДАКЦИЯ на ЗАПИСА | |
| Създаване/Редакция | Редакция |
| Дата на регистрацията/редакция | 01.02.2010 |
| 999 ## - СИСТЕМНИ КОНТРОЛНИ НОМЕРА | |
| Koha biblionumber | 63762 |
| Koha biblioitemnumber | 63762 |
| 999 ## - СИСТЕМНИ КОНТРОЛНИ НОМЕРА | |
| Koha biblioitemnumber | 63762 |
| 999 ## - СИСТЕМНИ КОНТРОЛНИ НОМЕРА | |
| Koha biblioitemnumber | 63762 |
| Код за отписване | Код за изгубен артикул | Код за повреда | Коз за рестрикции | Код за отдаване | Артикулен № | Име на библиотеката - собственик | Име на библиотеката, в която се намира в момента | Статус (Текущо местоположение) | Дата на вписване в системата | Местоположение - отдел | Цена в лева | Инвентарен номер | Систематично азбучна сигнатура | Баркод | Номер на екземпляра | Цена в евро | Служебна бележка | Служебен тип на артикула |
|---|---|---|---|---|---|---|---|---|---|---|---|---|---|---|---|---|---|---|
| Не е изгубен | Не е повреден | без рестрикции | заемане за дома | 105686 | Регионална библиотека "Любен Каравелов" Русе | Регионална библиотека "Любен Каравелов" Русе | Заемна - подръчен фонд | 2006-09-19 | Заемна - подръчен фонд | 19.80 | 120000705189 | П 329(497.2)(092)/Ж 48 | 120000705189 | 1 | 10.12 | Дост: Pk Вид: Ф N: 14 Дата: 05.09.2006 Дата инв: 14.03.2018 Бележки инв: П2018 | Книги | |
| Не е изгубен | Не е повреден | без рестрикции | ползва се в читалня | 105687 | Регионална библиотека "Любен Каравелов" Русе | Регионална библиотека "Любен Каравелов" Русе | Хранилище | 2007-06-21 | Хранилище | 19.80 | 120000714688 | Цб 229124 | 120000714688 | 2 | 10.12 | Дост: Dp Вид: Д N: 4 Дата: 13.12.2006 | Книги | |
| Не е изгубен | Не е повреден | без рестрикции | заемане за дома | 105688 | Регионална библиотека "Любен Каравелов" Русе | Регионална библиотека "Любен Каравелов" Русе | Заемна - подръчен фонд | 2008-02-01 | Заемна - подръчен фонд | 19.80 | 120000722855 | П 329(497.2)(092)/Ж 48 | 120000722855 | 3 | 10.12 | Дост: DA Вид: А N: 3 Дата: 01.02.2008 Дата инв: 02.02.2018 Бележки инв: П2018 | Книги | |
| Изтеглен | Не е изгубен | Не е повреден | без рестрикции | заемане за дома | 105689 | Регионална библиотека "Любен Каравелов" Русе | Регионална библиотека "Любен Каравелов" Русе | Заемна - подръчен фонд | 2008-02-01 | Заемна - подръчен фонд | 19.80 | 120000722856 | П 329(497.2)(092)/Ж 48 | 120000722856 | 4 | 10.12 | Дост: DA Вид: А N: 3 Дата: 01.02.2008 Дата инв: 02.02.2018 Бележки инв: П2018 | Книги |
| Не е изгубен | Не е повреден | без рестрикции | заемане за дома | 105690 | Регионална библиотека "Любен Каравелов" Русе | Регионална библиотека "Любен Каравелов" Русе | Заемна - подръчен фонд | 2008-02-01 | Заемна - подръчен фонд | 19.80 | 120000722857 | П 329(497.2)(092)/Ж 48 | 120000722857 | 5 | 10.12 | Дост: DA Вид: А N: 3 Дата: 01.02.2008 Дата инв: 02.02.2018 Бележки инв: П2018 | Книги | |
| Изтеглен | Не е изгубен | Не е повреден | без рестрикции | заемане за дома | 105691 | Регионална библиотека "Любен Каравелов" Русе | Регионална библиотека "Любен Каравелов" Русе | Заемна - подръчен фонд | 2010-02-01 | Заемна - подръчен фонд | 19.80 | 120000741634 | П 329(497.2)(092)/Ж 48 | 120000741634 | 6 | 10.12 | Дост: DA Вид: А N: 5 Дата: 01.02.2010 Дата инв: 02.02.2018 Бележки инв: П2018 | Книги |
| Не е изгубен | Не е повреден | без рестрикции | заемане за дома | 105692 | Регионална библиотека "Любен Каравелов" Русе | Регионална библиотека "Любен Каравелов" Русе | Заемна - подръчен фонд | 2010-02-01 | Заемна - подръчен фонд | 19.80 | 120000741635 | П 329(497.2)(092)/Ж 48 | 120000741635 | 7 | 10.12 | Дост: DA Вид: А N: 5 Дата: 01.02.2010 Дата инв: 02.02.2018 Бележки инв: П2018 | Книги |